| 000 | 00690cac a22002051u 4500 | ||
|---|---|---|---|
| 008 | 081215s2002 nyu|||||r|||| 00| 0 eng d | ||
| 010 | _a 2001268002 | ||
| 020 | _a0471412899 (v. 1 : alk. paper) | ||
| 020 | _a0471382280 | ||
| 082 | 0 | 0 |
_a657 _bWُEY _222 |
| 245 | 1 | 0 |
_aAccounting principles / _cJerry J. Weygandt, Donald E. Kieso, Paul D. Kimmel. |
| 250 | _a6th ed. | ||
| 260 |
_aNew York : _bJohn Wiley & Sons, _c2002. |
||
| 300 |
_a1 v. : _bcol. ill. ; _c28 + _e1 computer optical disc (4 3/4 in.) |
||
| 500 | _aIncludes indexes. | ||
| 505 | 1 | _av. 1. Chapters 1-13 -- v. 2. Chapters 14-27. | |
| 650 | 0 |
_aAccounting. _933327 |
|
| 700 | 1 |
_aKieso, Donald E. _933328 |
|
| 942 |
_cBB _k657WEY _2ddc |
||
| 999 |
_c321 _d321 |
||